000 00526nam a2200193 a 4500
001 1770804466501
003 YourLibrary
005 20260211154106.0
008 260211s1999##################000#0#eng##
020 _a9781840641240
082 0 4 _a338.064094
_bFAG
100 1 _aFagerberg, Jan,
_eauthor.
245 1 0 _aThe Economic Challenge for Europe :
260 _bEdward Elgar Publishing,
_c1999.
300 _a272 pages
650 0 _aBusiness & Economics.
942 _cENGLISH
040 _aYourLibrary
_beng
_cYourLibrary
999 _c611754
_d611754